=LDR 00000nam 2200000 4500 =001 INLIS000000000013587 =005 20160503173308.0 =006 =007 =008 Ind =035 ##$$0010-061300000013587 =041 ##$$a Ind =082 ##$$a 636.8 =090 ##$$a 636.8, Suw m =100 ##$$a Suwet, Muhamaad A =245 ##$$a Merawat kucing pusia, Muhamaad A Suwed =260 ##$$a 2004 $b Jakarta =300 ##$$a 119 hlm, Ilus, 23 cm =650 ##$$a Kucing =850 ##$$a NBPNMAT